Science Quiz

Random Science or Biology Quiz

Find the Lion Animals Quiz Stats

 Plays Quiz Updated Jun 12, 2020

Support Sporcle.
Go Orange.
Score 0/12 Timer 03:00
0 Plays Today
% Correct
Lion
97.1%
Lion Huntsman Spider
95.2%
Mountain Lion (Cougar)
94.5%
Red Lionfish
92%
African Lion Dog (Rhodesian Ridgeback)
90.5%
Golden Lion Tamarin
90.2%
Lion's Mane Jellyfish
89.7%
Little Lion Dog (Löwchen)
88.1%
Lion-Tailed Macaque
82.1%
South American Sea Lion
74.7%
Galápagos Sea Lion
70.3%
Clearfin Lionfish
67.2%

You're not logged in!

Compare scores with friends on all Sporcle quizzes.
OR
Log In

From the Vault

10-Letter Movies Slideshow II

by ghcgh

May the schwartz be with you.
Remove Ads.
Support Sporcle.
Get the best of Sporcle when you Go Orange. This ad-free experience offers more features, more stats, and more fun while also helping to support Sporcle. Thank you for becoming a member.

Show Comments

Extras

Top Quizzes Today


Score Distribution

Your Account Isn't Verified!

In order to create a playlist on Sporcle, you need to verify the email address you used during registration. Go to your Sporcle Settings to finish the process.

Report this User

Report this user for behavior that violates our Community Guidelines.

Details: